Normal view
MARC view
Entry Personal Name
001 - CONTROL NUMBER
- control field: 41554
003 - CONTROL NUMBER IDENTIFIER
- control field: dpl
005 - DATE AND TIME OF LATEST TRANSACTION
- control field: 20120210144525.0
008 - FIXED-LENGTH DATA ELEMENTS
- fixed length control field: 120210|||a|||||| | ||| d
040 ## - CATALOGING SOURCE
- Original cataloging agency: dpl
- Transcribing agency: dpl
100 ## - HEADING--PERSONAL NAME
- Personal name: Lafore, Robert
670 ## - SOURCE DATA FOUND
- Source citation: Work cat.: (dpl): Lafore, Robert, The waite group's object-oriented programming in Turbo C++ /, 2004
670 ## - SOURCE DATA FOUND
- Source citation: Work cat.: (dpl): Lafore, Robert, The waite group's object-oriented programming in Turbo C++ /, 2004
